[Event "St Jean op"]
[Site "St Jean sur Richelieu CAN"]
[Date "2004.06.25"]
[Round "1"]
[White "Laurendeau, Alfred"]
[Black "Saint Pierre, Steve"]
[Result "0-1"]
[WhiteElo "1636"]
[BlackElo "1817"]
[PlyCount "102"]
[GameId "2160767911145595"]
[EventDate "2004.06.??"]
[EventType "swiss"]
[EventRounds "5"]
[EventCountry "CAN"]
[SourceTitle "EXT 2006"]
[Source "ChessBase"]
[SourceDate "2005.11.24"]
[SourceVersion "1"]
[SourceVersionDate "2005.11.24"]
[SourceQuality "1"]

1. d4 f5 2. Bg5 d5 3. Nf3 c6 4. e3 Qb6 5. b3 e6 6. a3 Nd7 7. Nbd2 Ngf6 8. c4 Be7 9. c5 Qd8 10. Be2 O-O 11. Bf4 Ne4 12. Qc2 g5 13. Bg3 Bf6 14. Nxe4 fxe4 15. Ne5 Nxe5 16. dxe5 Be7 17. b4 Bd7 18. O-O Be8 19. Qd1 Bg6 20. Bg4 Qd7 21. f3 h5 22. Bh3 exf3 23. Rxf3 Rxf3 24. gxf3 b6 25. cxb6 axb6 26. Qd4 c5 27. bxc5 bxc5 28. Qc3 Kf7 29. e4 dxe4 30. fxe4 Bxe4 31. Rf1+ Kg7 32. Bf2 g4 33. Bg2 Bxg2 34. Kxg2 Qd5+ 35. Kg1 c4 36. Rc1 Bc5 37. Qxc4 Bxf2+ 38. Kxf2 Qxc4 39. Rxc4 Rxa3 40. Re4 Rf3+ 41. Kg2 Rd3 42. Kf2 Kg6 43. Rf4 Rf3+ 44. Rxf3 gxf3 45. Kxf3 Kf5 46. Ke2 Kxe5 47. Ke3 Kf5 48. Kf3 h4 49. Kg2 Kg4 50. Kg1 Kf3 51. Kf1 e5 0-1

[Event "St Jean op"]
[Site "St Jean sur Richelieu CAN"]
[Date "2004.06.25"]
[Round "1"]
[White "Lemieux, Michel"]
[Black "Gaudreau, Eric"]
[Result "0-1"]
[WhiteElo "1811"]
[BlackElo "1644"]
[PlyCount "48"]
[GameId "2160767911145596"]
[EventDate "2004.06.??"]
[EventType "swiss"]
[EventRounds "5"]
[EventCountry "CAN"]
[SourceTitle "EXT 2006"]
[Source "ChessBase"]
[SourceDate "2005.11.24"]
[SourceVersion "1"]
[SourceVersionDate "2005.11.24"]
[SourceQuality "1"]

1. e4 e5 2. Bc4 Nf6 3. d4 exd4 4. Nf3 Nc6 5. O-O Bc5 6. e5 d5 7. exf6 dxc4 8. Re1+ Be6 9. Ng5 Qd5 10. Nc3 Qf5 11. Nce4 O-O-O 12. Nxe6 fxe6 13. Nxc5 Qxc5 14. fxg7 Rhg8 15. Bh6 Qf5 16. Qe2 d3 17. cxd3 Nd4 18. Qd2 Qg6 19. Qf4 Nf5 20. Qxc4 Qxh6 21. Rac1 Qxg7 22. Qxe6+ Kb8 23. g3 Nd4 24. Re3 Nxe6 0-1

[Event "St Jean op"]
[Site "St Jean sur Richelieu CAN"]
[Date "2004.06.25"]
[Round "1"]
[White "Letourneau, Alex"]
[Black "Morais, Carl"]
[Result "1-0"]
[WhiteElo "1376"]
[BlackElo "1083"]
[PlyCount "39"]
[GameId "2160767911145597"]
[EventDate "2004.06.??"]
[EventType "swiss"]
[EventRounds "5"]
[EventCountry "CAN"]
[SourceTitle "EXT 2006"]
[Source "ChessBase"]
[SourceDate "2005.11.24"]
[SourceVersion "1"]
[SourceVersionDate "2005.11.24"]
[SourceQuality "1"]

1. d4 d5 2. Nf3 e6 3. e3 Nc6 4. Nbd2 Bd6 5. c3 Nge7 6. Bd3 e5 7. dxe5 Nxe5 8. Nxe5 Bxe5 9. O-O c5 10. Nf3 Nc6 11. Bb5 Qe7 12. Qxd5 Bd6 13. Bxc6+ Bd7 14. Bxd7+ Qxd7 15. Rd1 Qe7 16. Qxd6 Rd8 17. Qxd8+ Qxd8 18. Rxd8+ Kxd8 19. c4 Ke7 20. b3 1-0

[Event "St Jean op"]
[Site "St Jean sur Richelieu CAN"]
[Date "2004.06.25"]
[Round "1"]
[White "Moskvitch, Andrei"]
[Black "Caron, Sebastien"]
[Result "1/2-1/2"]
[WhiteElo "2138"]
[BlackElo "1902"]
[PlyCount "65"]
[GameId "2160767911145598"]
[EventDate "2004.06.??"]
[EventType "swiss"]
[EventRounds "5"]
[EventCountry "CAN"]
[SourceTitle "EXT 2006"]
[Source "ChessBase"]
[SourceDate "2005.11.24"]
[SourceVersion "1"]
[SourceVersionDate "2005.11.24"]
[SourceQuality "1"]

1. e4 c5 2. Nf3 d6 3. d4 cxd4 4. Nxd4 Nf6 5. Nc3 a6 6. Be2 e6 7. O-O Be7 8. a4 Nc6 9. Be3 Qc7 10. f4 O-O 11. Kh1 Bd7 12. Nb3 b6 13. e5 dxe5 14. fxe5 Nxe5 15. Bf4 Bd6 16. Qd4 Bc6 17. Rad1 Rfd8 18. Bg3 Ne8 19. Ne4 Bxe4 20. Qxe4 Qc6 21. Qf4 f6 22. Nd4 Qxa4 23. Nxe6 Qxf4 24. Bxf4 Rdc8 25. Bf3 Rab8 26. Bd5 Kh8 27. Bb3 Rc6 28. c3 b5 29. g4 Nc4 30. Nd4 Rcc8 31. Bxc4 bxc4 32. Bxd6 Nxd6 33. g5 1/2-1/2

[Event "St Jean op"]
[Site "St Jean sur Richelieu CAN"]
[Date "2004.06.25"]
[Round "1"]
[White "Plante, Marc-Eric"]
[Black "Tremblay, Charles"]
[Result "1-0"]
[WhiteElo "1269"]
[BlackElo "1154"]
[PlyCount "47"]
[GameId "2160767911145599"]
[EventDate "2004.06.??"]
[EventType "swiss"]
[EventRounds "5"]
[EventCountry "CAN"]
[SourceTitle "EXT 2006"]
[Source "ChessBase"]
[SourceDate "2005.11.24"]
[SourceVersion "1"]
[SourceVersionDate "2005.11.24"]
[SourceQuality "1"]

1. e4 e5 2. Nf3 Nc6 3. Bb5 a6 4. Ba4 d6 5. c3 Nf6 6. O-O Nxe4 7. d4 Qe7 8. Re1 Nf6 9. dxe5 dxe5 10. Nxe5 Be6 11. Nxc6 Qc5 12. Nd4+ b5 13. Nxe6 fxe6 14. Bb3 Be7 15. Bxe6 Rd8 16. Qe2 Qd6 17. Bg5 Rf8 18. Nd2 Qc5 19. Bxf6 Rxf6 20. Ne4 Qb6 21. Nxf6+ Bxf6 22. Bg8+ Kf8 23. Rad1 Qb8 24. Qe6 1-0

[Event "St Jean op"]
[Site "St Jean sur Richelieu CAN"]
[Date "2004.06.25"]
[Round "1"]
[White "Renzo, Alain"]
[Black "Oliver, Vance"]
[Result "1/2-1/2"]
[WhiteElo "1122"]
[BlackElo "1399"]
[PlyCount "91"]
[GameId "2160767911145600"]
[EventDate "2004.06.??"]
[EventType "swiss"]
[EventRounds "5"]
[EventCountry "CAN"]
[SourceTitle "EXT 2006"]
[Source "ChessBase"]
[SourceDate "2005.11.24"]
[SourceVersion "1"]
[SourceVersionDate "2005.11.24"]
[SourceQuality "1"]

1. e4 d6 2. Nf3 Nf6 3. Nc3 g6 4. Bc4 Bg7 5. d4 Nc6 6. O-O O-O 7. Re1 Bg4 8. Qd3 Nb4 9. Qd2 Bxf3 10. gxf3 e5 11. dxe5 dxe5 12. Qxd8 Raxd8 13. Re2 a6 14. a3 Nc6 15. Kg2 Nd4 16. Rd2 c6 17. Ne2 Nh5 18. Nxd4 exd4 19. Rd3 Be5 20. Kh1 Kg7 21. Bg5 f6 22. Bh4 b5 23. Ba2 Nf4 24. Rd2 d3 25. c3 Ne2 26. Rad1 Nf4 27. Bg3 c5 28. Bxf4 Bxf4 29. Rxd3 Rxd3 30. Rxd3 c4 31. Rd5 Be5 32. Kg2 Rf7 33. a4 Rb7 34. h3 Kf7 35. Kf1 Ke7 36. Ke2 Rd7 37. Ke3 Rxd5 38. exd5 f5 39. f4 Bf6 40. axb5 axb5 41. b3 cxb3 42. Bxb3 Bxc3 43. Kd3 Bf6 44. Ba2 Kd6 45. Bb1 Kxd5 46. Ba2+ 1/2-1/2

[Event "St Jean op"]
[Site "St Jean sur Richelieu CAN"]
[Date "2004.06.25"]
[Round "1"]
[White "Rivest, Jean-Michel"]
[Black "Anastasovski, Nikola"]
[Result "0-1"]
[WhiteElo "1812"]
[BlackElo "2117"]
[PlyCount "80"]
[GameId "2160767911145601"]
[EventDate "2004.06.??"]
[EventType "swiss"]
[EventRounds "5"]
[EventCountry "CAN"]
[SourceTitle "EXT 2006"]
[Source "ChessBase"]
[SourceDate "2005.11.24"]
[SourceVersion "1"]
[SourceVersionDate "2005.11.24"]
[SourceQuality "1"]

1. e4 e5 2. Nf3 Nc6 3. Bb5 f5 4. Nc3 Nf6 5. d3 Bb4 6. exf5 Bxc3+ 7. bxc3 O-O 8. O-O d6 9. Ng5 Bxf5 10. Qf3 Qd7 11. Qg3 h6 12. Nf3 Nh5 13. Qh4 Bg4 14. Bc4+ Kh8 15. Bd5 Ne7 16. h3 Bxf3 17. Bxf3 Nf4 18. Kh2 c6 19. Rb1 Rf6 20. Bg4 Nf5 21. Bxf4 exf4 22. Bxf5 Rxf5 23. Rfe1 Rf7 24. Rb4 Raf8 25. Ree4 f3 26. g4 d5 27. Re3 a5 28. Rb1 Qd6+ 29. Kg1 Kg8 30. Rb3 b5 31. d4 Qg6 32. Rb2 Rf4 33. Re5 R8f6 34. Kf1 b4 35. cxb4 axb4 36. Qg3 Rxd4 37. Re1 Rff4 38. Qh4 Rfe4 39. Rbb1 Rxe1+ 40. Rxe1 Qxc2 0-1

[Event "St Jean op"]
[Site "St Jean sur Richelieu CAN"]
[Date "2004.06.25"]
[Round "1"]
[White "Schleifer, Michael"]
[Black "Sauve, Richard"]
[Result "1-0"]
[WhiteElo "2325"]
[BlackElo "2029"]
[PlyCount "57"]
[GameId "2160767911145602"]
[EventDate "2004.06.??"]
[EventType "swiss"]
[EventRounds "5"]
[EventCountry "CAN"]
[SourceTitle "EXT 2006"]
[Source "ChessBase"]
[SourceDate "2005.11.24"]
[SourceVersion "1"]
[SourceVersionDate "2005.11.24"]
[SourceQuality "1"]

1. d4 d5 2. c4 e6 3. Nc3 c6 4. Nf3 dxc4 5. e4 b5 6. e5 Bb4 7. a3 Bxc3+ 8. bxc3 Ne7 9. Ng5 Nd5 10. Qh5 Qe7 11. Bd2 Nd7 12. h4 Nf8 13. Ne4 Ng6 14. Nd6+ Kd7 15. g3 Kc7 16. Bg2 Bd7 17. O-O f5 18. a4 b4 19. cxb4 c3 20. Bg5 Qf8 21. Bxd5 exd5 22. Rac1 f4 23. Rxc3 h6 24. Qxg6 hxg5 25. Qxg5 a6 26. b5 axb5 27. axb5 Ra4 28. bxc6 Bh3 29. Rb1 1-0

[Event "St Jean op"]
[Site "St Jean sur Richelieu CAN"]
[Date "2004.06.25"]
[Round "1"]
[White "Senecal, Jean-Pierre"]
[Black "Fullum, Steve"]
[Result "0-1"]
[WhiteElo "1418"]
[BlackElo "1148"]
[PlyCount "114"]
[GameId "2160767911145603"]
[EventDate "2004.06.??"]
[EventType "swiss"]
[EventRounds "5"]
[EventCountry "CAN"]
[SourceTitle "EXT 2006"]
[Source "ChessBase"]
[SourceDate "2005.11.24"]
[SourceVersion "1"]
[SourceVersionDate "2005.11.24"]
[SourceQuality "1"]

1. e4 c5 2. c3 e5 3. Nf3 Nc6 4. Bb5 d6 5. O-O Nf6 6. Re1 Bd7 7. d4 Qc7 8. Bg5 Be7 9. Na3 O-O 10. Bh4 a6 11. Bxc6 Bxc6 12. d5 Bd7 13. Rc1 Rac8 14. h3 h6 15. Nc2 Qd8 16. Bg3 Nh5 17. Bh2 Nf4 18. Bxf4 exf4 19. e5 Bf5 20. c4 dxe5 21. Rxe5 Bxc2 22. Rxc2 Bd6 23. Re1 Re8 24. Rce2 Rxe2 25. Qxe2 Qd7 26. Ne5 Qe7 27. Nd3 Qxe2 28. Rxe2 Kf8 29. f3 b5 30. b3 Re8 31. Kf2 Rxe2+ 32. Kxe2 g5 33. Nf2 f6 34. Ne4 Ke7 35. Kd3 b4 36. Nf2 h5 37. Ke4 Be5 38. Kf5 h4 39. Ne4 Bd4 40. d6+ Kd7 41. Nxf6+ Bxf6 42. Kxf6 Kxd6 43. Kxg5 Ke5 44. Kxh4 Kd4 45. Kg5 Kd3 46. Kxf4 Kc2 47. h4 Kb2 48. h5 Kxa2 49. h6 Kxb3 50. h7 Ka2 51. h8=Q b3 52. Qf6 b2 53. Qxa6+ Kb1 54. Qa3 Kc2 55. Qa2 Kc1 56. Ke4 b1=Q+ 57. Qxb1+ Kxb1 0-1

[Event "St Jean op"]
[Site "St Jean sur Richelieu CAN"]
[Date "2004.06.25"]
[Round "2"]
[White "Champetier, Serge"]
[Black "Audet-Bouchard, Nicolas"]
[Result "0-1"]
[WhiteElo "1985"]
[BlackElo "2084"]
[PlyCount "84"]
[GameId "2160767911145604"]
[EventDate "2004.06.??"]
[EventType "swiss"]
[EventRounds "5"]
[EventCountry "CAN"]
[SourceTitle "EXT 2006"]
[Source "ChessBase"]
[SourceDate "2005.11.24"]
[SourceVersion "1"]
[SourceVersionDate "2005.11.24"]
[SourceQuality "1"]

1. e4 e6 2. d4 d5 3. Nc3 dxe4 4. Nxe4 Bd7 5. Nf3 Bc6 6. Bd3 Nd7 7. O-O Ngf6 8. Ng3 Be7 9. b3 Bxf3 10. Qxf3 c6 11. Bb2 O-O 12. c4 Qa5 13. Rfe1 Rfe8 14. Re2 Rad8 15. Rae1 Bb4 16. Rd1 Qg5 17. h3 Bf8 18. Bc3 g6 19. Rde1 Bg7 20. Kh2 h5 21. Bc2 h4 22. Ne4 Nxe4 23. Rxe4 Nf6 24. Re5 Qh6 25. Ra5 a6 26. Rd1 Qh8 27. Rd3 Rd7 28. Bd2 Red8 29. Be3 Nh5 30. d5 exd5 31. cxd5 Be5+ 32. Kg1 Bc7 33. Ra4 Rxd5 34. Rxd5 Rxd5 35. g3 hxg3 36. Qg4 gxf2+ 37. Bxf2 Qe5 38. Re4 Qg5 39. Re8+ Kh7 40. Be3 Qxg4+ 41. hxg4 Nf6 42. Re7 Rd7 0-1

[Event "St Jean op"]
[Site "St Jean sur Richelieu CAN"]
[Date "2004.06.26"]
[Round "2"]
[White "Anastasovski, Nikola"]
[Black "Schleifer, Michael"]
[Result "0-1"]
[WhiteElo "2117"]
[BlackElo "2325"]
[PlyCount "70"]
[GameId "2160767911145605"]
[EventDate "2004.06.??"]
[EventType "swiss"]
[EventRounds "5"]
[EventCountry "CAN"]
[SourceTitle "EXT 2006"]
[Source "ChessBase"]
[SourceDate "2005.11.24"]
[SourceVersion "1"]
[SourceVersionDate "2005.11.24"]
[SourceQuality "1"]

1. e4 c5 2. c4 Nc6 3. Nc3 g6 4. g3 Bg7 5. Bg2 e6 6. Nge2 Nge7 7. d3 O-O 8. Be3 Nd4 9. Qd2 d6 10. Rc1 a6 11. Bh6 e5 12. h4 f6 13. Bxg7 Kxg7 14. f3 Nxe2 15. Nxe2 b5 16. b3 b4 17. g4 a5 18. Ng3 a4 19. Bf1 axb3 20. axb3 Nc6 21. Be2 Nd4 22. Bd1 Ra3 23. Rb1 Qa5 24. Rh2 Bd7 25. f4 Ra1 26. Rxa1 Qxa1 27. Kf2 exf4 28. Nf5+ gxf5 29. gxf5 Ra8 30. Rg2+ Kh8 31. Kf1 f3 32. Qh6 Qxd1+ 33. Kf2 Ra2+ 34. Kg3 Rxg2+ 35. Kh3 Qh1# 0-1

[Event "St Jean op"]
[Site "St Jean sur Richelieu CAN"]
[Date "2004.06.26"]
[Round "2"]
[White "Angers, Gilles"]
[Black "Moskvitch, Andrei"]
[Result "0-1"]
[WhiteElo "1966"]
[BlackElo "2138"]
[PlyCount "28"]
[GameId "2160767911145606"]
[EventDate "2004.06.??"]
[EventType "swiss"]
[EventRounds "5"]
[EventCountry "CAN"]
[SourceTitle "EXT 2006"]
[Source "ChessBase"]
[SourceDate "2005.11.24"]
[SourceVersion "1"]
[SourceVersionDate "2005.11.24"]
[SourceQuality "1"]

1. e4 c5 2. Nc3 Nc6 3. g3 g6 4. Bg2 Bg7 5. f4 d6 6. d3 e6 7. Nf3 Nge7 8. O-O O-O 9. Be3 Rb8 10. d4 cxd4 11. Nxd4 e5 12. Nf3 exf4 13. Bxf4 Qb6+ 14. Kh1 Qxb2 0-1

[Event "St Jean op"]
[Site "St Jean sur Richelieu CAN"]
[Date "2004.06.26"]
[Round "2"]
[White "Bernatchez, Dan"]
[Black "Lanzilotta Mernies, Marcelo"]
[Result "0-1"]
[WhiteElo "1667"]
[BlackElo "1845"]
[PlyCount "64"]
[GameId "2160767911145607"]
[EventDate "2004.06.??"]
[EventType "swiss"]
[EventRounds "5"]
[EventCountry "CAN"]
[SourceTitle "EXT 2006"]
[Source "ChessBase"]
[SourceDate "2005.11.24"]
[SourceVersion "1"]
[SourceVersionDate "2005.11.24"]
[SourceQuality "1"]

1. d4 Nf6 2. c4 c5 3. d5 b5 4. cxb5 a6 5. bxa6 Bxa6 6. g3 d6 7. Bg2 g6 8. b3 Bg7 9. Bb2 Nbd7 10. Nc3 O-O 11. Nf3 Qc7 12. O-O Rfb8 13. Qc2 c4 14. Rab1 cxb3 15. axb3 Nxd5 16. Rfc1 Nb4 17. Qd2 Nc5 18. Nd5 Nxd5 19. Qxd5 Bb7 20. Qc4 Ba6 21. Qc2 Bxb2 22. Rxb2 Rb4 23. Nd4 Bb7 24. Qc3 Qb6 25. Bxb7 Qxb7 26. Rcb1 Rb8 27. Nc2 Rb6 28. Qc4 Rc8 29. Qg4 h5 30. Qf3 Qb8 31. Nd4 e5 32. Nc2 Na4 0-1

[Event "St Jean op"]
[Site "St Jean sur Richelieu CAN"]
[Date "2004.06.26"]
[Round "2"]
[White "Berube, Antoine"]
[Black "Rousseau, Daniel"]
[Result "1-0"]
[WhiteElo "2011"]
[BlackElo "2198"]
[PlyCount "95"]
[GameId "2160767911145608"]
[EventDate "2004.06.??"]
[EventType "swiss"]
[EventRounds "5"]
[EventCountry "CAN"]
[SourceTitle "EXT 2006"]
[Source "ChessBase"]
[SourceDate "2005.11.24"]
[SourceVersion "1"]
[SourceVersionDate "2005.11.24"]
[SourceQuality "1"]

1. d4 Nf6 2. c4 g6 3. Nc3 Bg7 4. e4 d6 5. f3 O-O 6. Be3 Nc6 7. Qd2 a6 8. Nge2 Re8 9. Nc1 e5 10. d5 Nd4 11. Nb3 Nxb3 12. axb3 Nh5 13. Bd3 f5 14. exf5 gxf5 15. O-O-O c5 16. Qc2 e4 17. fxe4 f4 18. Bd2 Be5 19. Rdf1 Rf8 20. Ne2 b5 21. g4 f3 22. gxh5 fxe2 23. Bxe2 b4 24. Bh6 Rxf1+ 25. Rxf1 Bh3 26. Rg1+ Kh8 27. Qd2 Qh4 28. Qe3 Rg8 29. Rxg8+ Kxg8 30. Qf3 Bg7 31. Bxg7 Kxg7 32. Kc2 Bd7 33. Qg2+ Kf6 34. Bd3 Qf4 35. Kb1 Qg4 36. Qf2+ Kg7 37. h6+ Kxh6 38. Qf8+ Kg5 39. Qe7+ Kf4 40. Qxd6+ Ke3 41. Bc2 Qg1+ 42. Ka2 Kd2 43. Bb1 Qd4 44. Qf4+ Kd1 45. Qg3 Kd2 46. e5 Bg4 47. Qg2+ Kc1 48. Qc2# 1-0

[Event "St Jean op"]
[Site "St Jean sur Richelieu CAN"]
[Date "2004.06.26"]
[Round "2"]
[White "Caron, Sebastien"]
[Black "Fortier, Marc-Andre"]
[Result "0-1"]
[WhiteElo "1902"]
[BlackElo "2161"]
[PlyCount "64"]
[GameId "2160767911145609"]
[EventDate "2004.06.??"]
[EventType "swiss"]
[EventRounds "5"]
[EventCountry "CAN"]
[SourceTitle "EXT 2006"]
[Source "ChessBase"]
[SourceDate "2005.11.24"]
[SourceVersion "1"]
[SourceVersionDate "2005.11.24"]
[SourceQuality "1"]

1. e4 c5 2. Nf3 d6 3. d4 cxd4 4. Nxd4 Nf6 5. Nc3 g6 6. Be2 Bg7 7. Be3 O-O 8. Qd2 Nc6 9. h3 Bd7 10. O-O a6 11. a4 Rc8 12. f4 Qc7 13. Bf3 Na5 14. Bf2 Nc4 15. Qc1 e5 16. Nde2 Be6 17. Nd1 d5 18. exd5 Bxd5 19. Bxd5 Nxd5 20. fxe5 Bxe5 21. c3 Rfe8 22. Nd4 Bf4 23. Qc2 Nde3 24. Nxe3 Nxe3 25. Bxe3 Bxe3+ 26. Kh1 Bxd4 27. Qb3 Ba7 28. Rf3 Bb8 29. g3 Re2 30. Raf1 Rf8 31. c4 Qd7 32. g4 Qd2 0-1

[Event "St Jean op"]
[Site "St Jean sur Richelieu CAN"]
[Date "2004.06.26"]
[Round "2"]
[White "Godbout, Mathieu"]
[Black "Pepin, Christian"]
[Result "1-0"]
[WhiteElo "1808"]
[BlackElo "2175"]
[PlyCount "41"]
[GameId "2160767911145610"]
[EventDate "2004.06.??"]
[EventType "swiss"]
[EventRounds "5"]
[EventCountry "CAN"]
[SourceTitle "EXT 2006"]
[Source "ChessBase"]
[SourceDate "2005.11.24"]
[SourceVersion "1"]
[SourceVersionDate "2005.11.24"]
[SourceQuality "1"]

1. c4 Nf6 2. Nc3 c5 3. Nf3 Nc6 4. d4 cxd4 5. Nxd4 g6 6. e4 d6 7. Be2 Bg7 8. Nc2 O-O 9. O-O Be6 10. Bd2 Rc8 11. Rc1 a6 12. b3 Rb8 13. f3 b5 14. cxb5 axb5 15. Bxb5 Nxe4 16. fxe4 Bxc3 17. Bxc6 Qb6+ 18. Be3 Qxc6 19. Nd4 Qc5 20. Nf5 Qe5 21. Nxe7+ 1-0

[Event "St Jean op"]
[Site "St Jean sur Richelieu CAN"]
[Date "2004.06.26"]
[Round "2"]
[White "Larochelle, Martial"]
[Black "Gilbert, Erick"]
[Result "1-0"]
[WhiteElo "2159"]
[BlackElo "1978"]
[PlyCount "117"]
[GameId "2160767911145611"]
[EventDate "2004.06.??"]
[EventType "swiss"]
[EventRounds "5"]
[EventCountry "CAN"]
[SourceTitle "EXT 2006"]
[Source "ChessBase"]
[SourceDate "2005.11.24"]
[SourceVersion "1"]
[SourceVersionDate "2005.11.24"]
[SourceQuality "1"]

1. c4 e6 2. Nf3 Nf6 3. g3 d5 4. b3 c6 5. Bg2 Bd6 6. Bb2 O-O 7. O-O Re8 8. d4 Nbd7 9. Nc3 b6 10. Rc1 Bb7 11. Nd2 Rc8 12. e4 dxe4 13. Ndxe4 Bb8 14. Qd2 a6 15. Rfd1 Bc7 16. Ba3 Nxe4 17. Nxe4 Nf6 18. c5 Nxe4 19. Bxe4 b5 20. Bb2 Qd7 21. Qe2 g6 22. Qf3 Bd8 23. Qf4 Be7 24. Bf3 Qc7 25. Qe3 Bf6 26. h4 Qe7 27. Rc2 Rcd8 28. Be4 e5 29. Qf3 exd4 30. Rcd2 Qxe4 31. Qxf6 Qe5 32. Bxd4 Qxf6 33. Bxf6 Rxd2 34. Rxd2 Bc8 35. Rd6 Be6 36. f4 Rc8 37. Kf2 a5 38. Ke3 Kf8 39. Kd4 Ke8 40. Kc3 h5 41. a3 Bd5 42. b4 a4 43. Kd4 Be6 44. Ke5 Bd7 45. Bg5 Be6 46. Rxe6+ fxe6 47. Kd6 Kf7 48. Kd7 Re8 49. Kxc6 e5 50. fxe5 Rxe5 51. Bf4 Rf5 52. Kd7 g5 53. hxg5 h4 54. c6 h3 55. c7 h2 56. c8=Q h1=Q 57. Qe8+ Kg7 58. Be5+ Rxe5 59. Qxe5+ 1-0

[Event "St Jean op"]
[Site "St Jean sur Richelieu CAN"]
[Date "2004.06.26"]
[Round "2"]
[White "Liard, Serge"]
[Black "Beaudoin, Stephane"]
[Result "1/2-1/2"]
[WhiteElo "2125"]
[BlackElo "2125"]
[PlyCount "101"]
[GameId "2160767911145612"]
[EventDate "2004.06.??"]
[EventType "swiss"]
[EventRounds "5"]
[EventCountry "CAN"]
[SourceTitle "EXT 2006"]
[Source "ChessBase"]
[SourceDate "2005.11.24"]
[SourceVersion "1"]
[SourceVersionDate "2005.11.24"]
[SourceQuality "1"]

1. e4 e6 2. d4 d5 3. Nc3 Bb4 4. Bd2 dxe4 5. Qg4 Kf8 6. Qxe4 Nf6 7. Qh4 Nc6 8. Nf3 Nd5 9. Qe4 Nce7 10. a3 Nxc3 11. bxc3 Ba5 12. Bc4 Nd5 13. Qd3 c6 14. O-O h6 15. Ne5 Bc7 16. f4 g6 17. Qh3 Kg7 18. Bd3 Ne7 19. Qf3 h5 20. Rad1 Rb8 21. Be4 Nf5 22. Bc1 Qe7 23. Bb2 f6 24. Nc4 Nd6 25. Nd2 Nxe4 26. Nxe4 b6 27. c4 e5 28. fxe5 fxe5 29. dxe5 Be6 30. Qf6+ Qxf6 31. exf6+ Kf8 32. f7 Rh6 33. Ng5 Bxc4 34. Rd7 Bd8 35. Rf4 Bxg5 36. Rxc4 Be3+ 37. Kf1 g5 38. Re4 Bc5 39. Bd4 Rc8 40. Rxa7 Rh7 41. Bf6 Rxf7 42. Rxf7+ Kxf7 43. Bxg5 Bxa3 44. h4 b5 45. Re3 Bb4 46. Rf3+ Kg7 47. Ke2 Re8+ 48. Kd3 Re6 49. c3 Bd6 50. Be3 Kg6 51. Bf4 1/2-1/2

[Event "St Jean op"]
[Site "St Jean sur Richelieu CAN"]
[Date "2004.06.26"]
[Round "2"]
[White "Masse, Hugues"]
[Black "Leclerc, Hugues"]
[Result "1-0"]
[WhiteElo "2249"]
[BlackElo "1852"]
[PlyCount "89"]
[GameId "2160767911145613"]
[EventDate "2004.06.??"]
[EventType "swiss"]
[EventRounds "5"]
[EventCountry "CAN"]
[SourceTitle "EXT 2006"]
[Source "ChessBase"]
[SourceDate "2005.11.24"]
[SourceVersion "1"]
[SourceVersionDate "2005.11.24"]
[SourceQuality "1"]

1. d4 Nf6 2. c4 e6 3. Nc3 Bb4 4. Qc2 Nc6 5. Nf3 d6 6. Bd2 Qe7 7. a3 Bxc3 8. Bxc3 e5 9. d5 Nb8 10. e4 b6 11. Be2 a5 12. b4 O-O 13. O-O Nbd7 14. Nd2 Bb7 15. Nb3 a4 16. Nc1 Rfc8 17. f3 c6 18. Qd2 cxd5 19. cxd5 Ba6 20. Bxa6 Rxa6 21. Qd3 Ra7 22. Ne2 Rac7 23. Rac1 Rc4 24. Bd2 b5 25. Rxc4 bxc4 26. Qc2 Nb6 27. Nc3 Qb7 28. Nxa4 Nxa4 29. Qxa4 Nxd5 30. exd5 Qxd5 31. Qc2 Qb7 32. Qe4 Qa7+ 33. Qe3 Qxe3+ 34. Bxe3 d5 35. Bc5 d4 36. Kf2 f6 37. a4 Kf7 38. Re1 c3 39. Ke2 Ke6 40. Kd3 Kd5 41. a5 f5 42. a6 Rc6 43. Ra1 e4+ 44. Kc2 Kc4 45. Bxd4 1-0

[Event "St Jean op"]
[Site "St Jean sur Richelieu CAN"]
[Date "2004.06.26"]
[Round "2"]
[White "Proteau, Denis"]
[Black "Boutin, Andre"]
[Result "1/2-1/2"]
[WhiteElo "1069"]
[BlackElo "1313"]
[PlyCount "103"]
[GameId "2160767911145614"]
[EventDate "2004.06.??"]
[EventType "swiss"]
[EventRounds "5"]
[EventCountry "CAN"]
[SourceTitle "EXT 2006"]
[Source "ChessBase"]
[SourceDate "2005.11.24"]
[SourceVersion "1"]
[SourceVersionDate "2005.11.24"]
[SourceQuality "1"]

1. e4 c5 2. Nf3 Nc6 3. Bb5 e6 4. Bxc6 bxc6 5. d3 d5 6. O-O d4 7. Bg5 Be7 8. Bxe7 Nxe7 9. Ne5 O-O 10. Qh5 f6 11. Nc4 e5 12. f4 exf4 13. Rxf4 Ng6 14. Rf2 Qe7 15. Nbd2 Be6 16. Raf1 Bf7 17. Qe2 Ne5 18. Nxe5 Qxe5 19. Rf5 Qe7 20. Nf3 Bg6 21. Rf4 Bh5 22. g4 Bg6 23. h4 Qd6 24. Nd2 h6 25. R1f2 Rae8 26. Kg2 Bh7 27. g5 hxg5 28. hxg5 f5 29. Qf1 g6 30. Kg3 Qe7 31. Kh4 Kg7 32. Re2 Rh8 33. Nf3 Bg8+ 34. Kg3 Rh5 35. Rh4 Rxg5+ 36. Kh2 Rg4 37. Rxg4 fxg4 38. Nd2 Qd6+ 39. Kg1 Re5 40. Qf4 Qf6 41. Qxf6+ Kxf6 42. b3 a5 43. Rf2+ Ke7 44. a4 Be6 45. Kg2 Rh5 46. Rf1 g5 47. Rh1 Rh3 48. Rxh3 gxh3+ 49. Kh2 g4 50. Nf1 Kf6 51. Kg3 Kg5 52. Nd2 1/2-1/2

[Event "St Jean op"]
[Site "St Jean sur Richelieu CAN"]
[Date "2004.06.26"]
[Round "2"]
[White "Sauve, Richard"]
[Black "Rivest, Jean-Michel"]
[Result "0-1"]
[WhiteElo "2029"]
[BlackElo "1812"]
[PlyCount "70"]
[GameId "2160767911145616"]
[EventDate "2004.06.??"]
[EventType "swiss"]
[EventRounds "5"]
[EventCountry "CAN"]
[SourceTitle "EXT 2006"]
[Source "ChessBase"]
[SourceDate "2005.11.24"]
[SourceVersion "1"]
[SourceVersionDate "2005.11.24"]
[SourceQuality "1"]

1. d4 Nf6 2. c4 g6 3. Nc3 d5 4. cxd5 Nxd5 5. e4 Nxc3 6. bxc3 Bg7 7. Bd3 c5 8. Be3 O-O 9. Ne2 cxd4 10. cxd4 Nc6 11. Qa4 Bd7 12. Qa3 a6 13. Rd1 b5 14. O-O b4 15. Qb3 a5 16. Bb5 Qb6 17. Ba4 Qa6 18. Nf4 Rfd8 19. Nd5 Qb7 20. Nc3 Nxd4 21. Bxd4 Bxa4 22. Qxa4 Rxd4 23. Rxd4 Bxd4 24. Nd5 e6 25. Rd1 exd5 26. Rxd4 dxe4 27. h3 Qe7 28. Qc6 Re8 29. Rd7 Qe6 30. Rd6 Qc8 31. Qd5 Qc1+ 32. Kh2 Qf4+ 33. Kg1 e3 34. fxe3 Qxe3+ 35. Kh1 Qc1+ 0-1